[Event "SIB - CMS 52nd National Premier & Zone 3.7 Chess C"]
[Site "CMS College, Kottayam"]
[Date "2014.12.17"]
[Round "12"]
[Board "2"]
[White "Vidit, Santosh Gujrathi"]
[Black "Sengupta, Deep"]
[Result "1/2-1/2"]
[WhiteElo "2625"]
[BlackElo "2566"]
[PlyCount "0"]
[EventDate "2014.12.05"]
[EventRounds "13"]
[EventCountry "IND"]

1. d4 d5 2. c4 e6 3. Nc3 c6 4. e3 Nf6 5. Nf3 Nbd7 6. Qc2 Bd6 7. Bd3 O-O 8. O-O
dxc4 9. Bxc4 b5 10. Be2 Bb7 11. e4 e5 12. dxe5 Nxe5 13. Nd4 Neg4 14. g3 Bxg3
15. hxg3 Qxd4 16. Qd1 Qxd1 17. Rxd1 Rfe8 18. f3 Ne5 19. Be3 a5 20. Rac1 h6 21.
Kg2 g5 22. Bd4 Ned7 23. g4 Ne5 24. Rh1 Kh7 25. Nd1 Rad8 26. Bb6 Rd2 27. Kf1 b4
28. Be3 Rxe2 29. Kxe2 Kg6 30. Rc2 Ba6+ 31. Kf2 Bd3 32. Rc5 Nxf3 33. Rxc6 Ne5
34. Rd6 Kg7 35. Kg1 Nxe4 36. Rdxh6 Nf3+ 37. Kg2 Nh4+ 38. R6xh4 gxh4 39. Rxh4 f6
40. Rh5 Be2 41. Nf2 Nxf2 42. Kxf2 Bxg4 43. Rxa5 Re4 44. Rd5 Be6 1/2-1/2

[Event "SIB - CMS 52nd National Premier & Zone 3.7 Chess C"]
[Site "CMS College, Kottayam"]
[Date "2014.12.17"]
[Round "12"]
[Board "3"]
[White "Rajesh, V A V"]
[Black "Sethuraman, S.P."]
[Result "1/2-1/2"]
[WhiteElo "2408"]
[BlackElo "2622"]
[PlyCount "0"]
[EventDate "2014.12.05"]
[EventRounds "13"]
[EventCountry "IND"]

1. b3 e5 2. Bb2 Nc6 3. e3 Nf6 4. Bb5 Bd6 5. Na3 Be7 6. Nc4 e4 7. Bxc6 bxc6 8.
d4 O-O 9. Ne2 d5 10. Na5 Qe8 11. c4 Ba6 12. Rc1 Bb4+ 13. Bc3 Bd6 14. c5 Be7 15.
h4 g6 16. Nf4 Bc8 17. Qe2 a6 18. b4 Bg4 19. Qc2 Bd7 20. Qe2 Bg4 21. Qc2 h6 22.
Qa4 Bd7 23. Qd1 Kg7 24. Kd2 Rh8 25. Qe2 Bg4 26. Qf1 Bd7 27. Qe2 Bg4 28. Qf1 Bd7
29. Qe2 Bg4 1/2-1/2

[Event "SIB - CMS 52nd National Premier & Zone 3.7 Chess C"]
[Site "CMS College, Kottayam"]
[Date "2014.12.17"]
[Round "12"]
[Board "4"]
[White "Deepan, Chakkravarthy J."]
[Black "Swayams, Mishra"]
[Result "1/2-1/2"]
[WhiteElo "2489"]
[BlackElo "2491"]
[PlyCount "0"]
[EventDate "2014.12.05"]
[EventRounds "13"]
[EventCountry "IND"]

1. e4 e5 2. Nf3 Nc6 3. Bb5 a6 4. Ba4 Nf6 5. O-O b5 6. Bb3 Be7 7. d4 d6 8. c3
O-O 9. h3 Bb7 10. Re1 Re8 11. Ng5 Rf8 12. Nf3 Re8 13. Ng5 Rf8 14. Nf3 Re8
 1/2-1/2

[Event "SIB - CMS 52nd National Premier & Zone 3.7 Chess C"]
[Site "CMS College, Kottayam"]
[Date "2014.12.17"]
[Round "12"]
[Board "5"]
[White "Shyam, Nikil P."]
[Black "Laxman, R.R."]
[Result "1/2-1/2"]
[WhiteElo "2454"]
[BlackElo "2408"]
[PlyCount "0"]
[EventDate "2014.12.05"]
[EventRounds "13"]
[EventCountry "IND"]

1. e4 e5 2. Nf3 Nc6 3. Bb5 Nf6 4. O-O Nxe4 5. d4 Nd6 6. Bxc6 dxc6 7. dxe5 Nf5
8. Qxd8+ Kxd8 9. h3 h5 10. Nc3 Ke8 11. Ne2 b6 12. Rd1 Be7 13. c4 Nh4 14. Nfd4
Bb7 15. g3 Ng6 16. f4 a6 17. Nc3 Bc5 18. Be3 Rd8 19. Nce2 Bc8 20. Kg2 Ne7 21.
Nc2 Bf5 22. Ncd4 Be4+ 23. Kf2 Bxd4 24. Rxd4 Rxd4 25. Nxd4 c5 26. Ne2 Nf5 27.
Nc3 Bg2 28. Bxc5 Bxh3 29. Rh1 Bg4 30. Be3 Kd7 31. Nd5 b5 32. cxb5 axb5 33. a3
Rh6 34. Nb4 Rg6 35. Bc5 c6 36. Rg1 Rh6 37. Rh1 Kc7 38. Nc2 Rh8 39. Ne3 Nxe3
 1/2-1/2

[Event "SIB - CMS 52nd National Premier & Zone 3.7 Chess C"]
[Site "CMS College, Kottayam"]
[Date "2014.12.17"]
[Round "12"]
[Board "6"]
[White "Karthikeyan, P."]
[Black "Grover, Sahaj"]
[Result "1-0"]
[WhiteElo "2400"]
[BlackElo "2505"]
[PlyCount "0"]
[EventDate "2014.12.05"]
[EventRounds "13"]
[EventCountry "IND"]

1. e4 e5 2. Nf3 Nc6 3. Bb5 a6 4. Ba4 Nge7 5. Nc3 d6 6. a3 Bd7 7. Bb3 h6 8. h3
g5 9. d4 Bg7 10. dxe5 dxe5 11. Be3 Be6 12. Nd5 Nc8 13. Qd3 Na5 14. Qc3 c6 15.
Nb6 Nxb6 16. Qxa5 Nc4 17. Qc3 Nxe3 18. Qxe3 Qa5+ 19. Qd2 Qxd2+ 20. Nxd2 Bd7 21.
Nc4 Ke7 22. O-O-O Be6 23. Nd6 Ra7 24. Bxe6 fxe6 25. Nc4 b5 26. Na5 Rc8 27. Rd3
Rd7 28. Rhd1 Rd4 29. c3 Rxe4 30. Rd7+ Kf6 31. Ra7 h5 32. f3 Ra4 33. Rxa6 g4 34.
hxg4 hxg4 35. Rxc6 Rxc6 36. Nxc6 Rf4 37. Re1 gxf3 38. gxf3 Kf5 39. Rf1 Rh4 40.
Na7 Kf4 41. Nxb5 Ke3 42. Kc2 Ke2 43. Ra1 Kxf3 44. a4 Rh2+ 45. Kb3 e4 46. a5 e3
47. a6 e2 48. a7 Rh8 49. Nc7 Kf2 50. a8=Q Rxa8 51. Nxa8 e1=Q 52. Rxe1 Kxe1 53.
Nc7 e5 54. Ne6 Bf6 55. Nc5 Ke2 56. Ne4 Bd8 57. Kc4 Kd1 58. b4 Kc2 59. b5 Ba5
60. Kc5 Bd8 61. c4 Kb3 62. Kd5 Kb4 63. Nc5 Kc3 64. Ne4+ Kb4 65. Nd6 Bb6 66. Kc6
Bd4 67. b6 e4 68. b7 Ba7 69. Nxe4 Kxc4 70. Nd6+ Kd3 71. Kc7 1-0

[Event "SIB - CMS 52nd National Premier & Zone 3.7 Chess C"]
[Site "CMS College, Kottayam"]
[Date "2014.12.18"]
[Round "13"]
[Board "1"]
[White "Laxman, R.R."]
[Black "Karthikeyan, P."]
[Result "0-1"]
[WhiteElo "2408"]
[BlackElo "2400"]
[PlyCount "0"]
[EventDate "2014.12.05"]
[EventRounds "13"]
[EventCountry "IND"]

1. d4 Nf6 2. Nf3 e6 3. c4 d5 4. g3 dxc4 5. Bg2 a6 6. O-O Nc6 7. e3 Rb8 8. Qe2
b5 9. Rd1 Be7 10. a4 O-O 11. axb5 axb5 12. b3 cxb3 13. Nbd2 Bb7 14. Bb2 Nb4 15.
Nxb3 Bd5 16. Nbd2 Ne4 17. Nxe4 Bxe4 18. Ne1 Bxg2 19. Nxg2 Qd6 20. e4 Qb6 21.
Ne3 Rfd8 22. Bc3 c5 23. d5 Bf8 24. Qb2 Ra8 25. Qd2 Rxa1 26. Rxa1 Nc6 27. Qb2
exd5 28. Nxd5 Qb7 29. Qe2 c4 30. Rb1 Qd7 31. Qh5 b4 32. Bf6 Rb8 33. Rd1 Qe6 34.
e5 c3 35. Nf4 Qe8 36. e6 c2 37. Rc1 b3 38. Bb2 fxe6 39. Qg4 e5 40. Nd5 Qf7 41.
Qe4 Bc5 0-1

[Event "SIB - CMS 52nd National Premier & Zone 3.7 Chess C"]
[Site "CMS College, Kottayam"]
[Date "2014.12.18"]
[Round "13"]
[Board "2"]
[White "Swayams, Mishra"]
[Black "Shyam, Nikil P."]
[Result "1/2-1/2"]
[WhiteElo "2491"]
[BlackElo "2454"]
[PlyCount "0"]
[EventDate "2014.12.05"]
[EventRounds "13"]
[EventCountry "IND"]

1. d4 Nf6 2. c4 e6 3. Nc3 Bb4 4. e3 O-O 5. Nge2 b6 6. a3 Bxc3+ 7. Nxc3 Bb7 8.
Bd3 d5 9. O-O dxc4 10. Bxc4 Ba6 11. Bxa6 Nxa6 12. Qa4 Qc8 13. b4 c5 14. dxc5
bxc5 15. b5 Nb8 16. Bb2 Qb7 17. Qh4 Nbd7 18. a4 a6 19. Rad1 Rfc8 20. Qg3 c4 21.
Rd4 Nf8 22. Rfd1 Ng6 23. Qd6 h6 24. R4d2 axb5 25. axb5 Nh4 26. Qg3 1/2-1/2

[Event "SIB - CMS 52nd National Premier & Zone 3.7 Chess C"]
[Site "CMS College, Kottayam"]
[Date "2014.12.18"]
[Round "13"]
[Board "4"]
[White "Sengupta, Deep"]
[Black "Rajesh, V A V"]
[Result "1/2-1/2"]
[WhiteElo "2566"]
[BlackElo "2408"]
[PlyCount "0"]
[EventDate "2014.12.05"]
[EventRounds "13"]
[EventCountry "IND"]

1. e4 e5 2. Nf3 Nc6 3. d4 exd4 4. Nxd4 Bc5 5. Nb3 Bb6 6. Nc3 d6 7. Qe2 Nge7 8.
Be3 O-O 9. O-O-O f5 10. f4 fxe4 11. g3 Bxe3+ 12. Qxe3 Bg4 13. Be2 Nf5 14. Qxe4
Bxe2 15. Qxe2 Qe8 16. Qc4+ Qf7 17. Nd5 Rae8 18. Qd3 Nd8 19. g4 Nh6 20. g5 Nf5
21. Rhg1 Ne6 22. Rg4 Kh8 23. Rdg1 Qg6 24. Qd2 c6 25. Nc3 d5 1/2-1/2

[Event "SIB - CMS 52nd National Premier & Zone 3.7 Chess C"]
[Site "CMS College, Kottayam"]
[Date "2014.12.18"]
[Round "13"]
[Board "5"]
[White "Girinath, P.D.S."]
[Black "Vidit, Santosh Gujrathi"]
[Result "1-0"]
[WhiteElo "2333"]
[BlackElo "2625"]
[PlyCount "0"]
[EventDate "2014.12.05"]
[EventRounds "13"]
[EventCountry "IND"]

1. e4 c5 2. Nf3 Nc6 3. Bb5 g6 4. O-O Bg7 5. c3 Nf6 6. Re1 O-O 7. h3 Qb6 8. Na3
Rd8 9. Bf1 d5 10. e5 Ne8 11. d3 Nc7 12. Nc2 d4 13. c4 h6 14. Bd2 a5 15. a4 g5
16. Na3 Bf5 17. Nb5 Ne6 18. Ra3 Bg6 19. g3 Re8 20. Bg2 Qd8 21. h4 Bh5 22. hxg5
hxg5 23. Qc1 f6 24. Nh2 Bf7 25. Bd5 Qd7 26. Qd1 Ra6 27. f4 gxf4 28. gxf4 fxe5
29. f5 Ned8 30. Be4 Nb4 31. Kh1 Kh8 32. Qg4 Nc2 33. Rg1 Bg6 34. Qh4+ Kg8 35.
fxg6 1-0

[Event "SIB - CMS 52nd National Premier & Zone 3.7 Chess C"]
[Site "CMS College, Kottayam"]
[Date "2014.12.18"]
[Round "13"]
[Board "6"]
[White "Lalith, Babu M.R."]
[Black "Kunte, Abhijit"]
[Result "0-1"]
[WhiteElo "2547"]
[BlackElo "2480"]
[PlyCount "0"]
[EventDate "2014.12.05"]
[EventRounds "13"]
[EventCountry "IND"]

1. d4 Nf6 2. c4 e6 3. Nf3 b6 4. g3 Bb7 5. Bg2 Bb4+ 6. Bd2 c5 7. Bxb4 cxb4 8.
O-O O-O 9. Qd3 d6 10. Nbd2 Qc7 11. Rfd1 e5 12. e4 Nc6 13. Rac1 Rfe8 14. Nf1
exd4 15. Re1 Ne5 16. Qxd4 Rad8 17. b3 Nfd7 18. Ne3 Nc5 19. Nd5 Bxd5 20. cxd5
Nxf3+ 21. Bxf3 Qe7 22. Bg2 Qf6 23. Qd2 Qg6 24. Re3 a5 25. Qe2 Qf6 26. f4 Nd7
27. Bh3 Nc5 28. e5 dxe5 29. fxe5 Qh6 30. e6 fxe6 31. Bg2 Rf8 32. Rd1 exd5 33.
Rxd5 Qf6 34. h4 h6 35. Qd2 Kh8 36. Rf3 Qe7 37. Rxf8+ Rxf8 38. Kh2 Qf6 39. Rd6
Qf5 40. Rxb6 Nd7 41. Rd6 Nf6 42. Bh3 Qf3 43. Rd3 Qa8 44. Bf5 Qe8 45. Rf3 Qc6
46. Rf4 Qc7 47. Rf2 Qc3 48. Qxc3 Ng4+ 49. Kg1 bxc3 0-1